[Event "World Corporate East D"]
[Site "Chess.com INT"]
[Date "2021.02.19"]
[Round "3.7"]
[White "Schuetze, Norman"]
[Black "Gulyaev, Igor"]
[Result "1-0"]
[WhiteElo "2310"]
[BlackElo "1865"]
[PlyCount "87"]
[EventDate "2021.02.19"]
[EventType "team (rapid)"]
[EventRounds "7"]
[EventCountry "USA"]
[SourceTitle "EXT 2022"]
[Source "ChessBase"]
[SourceDate "2021.10.06"]
[SourceVersion "1"]
[SourceVersionDate "2021.10.06"]
[SourceQuality "1"]
[WhiteTeam "EMCO"]
[BlackTeam "Nizhny Novgorod Lanit"]
[WhiteTeamCountry "GER"]
[BlackTeamCountry "RUS"]

1. e4 e5 2. Nf3 Nc6 3. d4 exd4 4. Nxd4 Bc5 5. Nxc6 bxc6 6. Bd3 d5 7. 0-0 Ne7 8. Nd2 0-0 9. Nb3 Bb6 10. a4 a5 11. Qe2 Ng6 12. Be3 Bxe3 13. Qxe3 Ne5 14. Rad1 Qf6 15. Nc5 Nxd3 16. Nxd3 d4 17. Qg3 Ra7 18. Rfe1 Qe6 19. b3 Qg4 20. Qxg4 Bxg4 21. f3 Be6 22. Nc5 g6 23. Rxd4 Rb8 24. Red1 Kf8 25. Nxe6+ fxe6 26. Rd7 Re8 27. Rxh7 Re7 28. Rd8+ Re8 29. Rh8+ Kg7 30. Rdxe8 Rb7 31. g4 Rb4 32. g5 Kf7 33. Rhf8+ Kg7 34. Rf6 Rd4 35. Re7+ Kg8 36. Rxc7 Rd1+ 37. Kg2 Rd2+ 38. Kg3 Rxc2 39. Rxg6+ Kf8 40. Rh6 Kg8 41. Rxe6 Kf8 42. Rh6 Kg8 43. Rd6 Kf8 44. Rd8# 1-0